00444nam a2200145Ia 4500003000400000005001700004008004100021020002200062041001200084082002100096100003700117245008300154260005200237300000900289OSt20240829142536.0230519s9999 xx 000 0 und d a978-93-92242-13-7 aEnglish aC/004/KAU/DB0963 aKaur Arashgeet & Kaur Taranpreet aTextbook of Health/Nursing Informatics and Technology for BSc Nursing Students bVision Health Sciences PublishersaPunjabc2022 a266p